000 01381nam a22002417a 4500
999 _c62130
_d62130
003 Ge_BSU
005 20240718113216.0
008 240718s2023 ge ||||| |||| 00| 0 geo d
020 _a9789941373817
041 _ageo
080 _a316 დ-16
100 _aდაიმონდი, ჯარედ
_eავტორი.
_922869
245 _aთოფები, მიკრობები და ფოლადი :
_bსაზოგადოებათა უთანასწორობის მიზეზები /
_cჯარედ დაიმონდი ; ინგლ.თარგმ. ნიკა სამუშიამ ; რედ. მარინა ყიფშიძე ; დიზაინერი თინა ხუციშვილი.
264 _aთბილისი :
_bსულაკაური,
_c2023.
300 _a691 გვ. ;
_b 21.5 სმ
440 _aაკადემია მსოფლიო ბესტსელერი
_922870
653 _aსოციოლოგია.
653 _aსაზოგადოება.
653 _aევოლუცია. ბიოფიზიკა.
700 _aსამუშია, ნიკა
_eმთარგმნელი
_914222
700 _a ყიფშიძე, მარინა
_eრედაქტორი და სხვ
_922871
942 _2udc
_cBK